000 00935nam a2200217 u 4500
001 000280240
003 AM-YeHGA
005 20250618071834.0
008 031105s1987 ai r 000 0 arm d
040 _aAM-YeHGA
041 1 _aarm
_hrus
245 1 0 _aՍտալինգրադյան բնագիծ /
_cՆ.Ի. Կռիլով; Ռուս. թարգմ.՝ Է. Մարիկյան, Մ. Բաղդասարյան; Խմբ.՝ Ի.Գ. Ավետիսյան.
260 _aԵրևան :
_bՀայաստան,
_c1987.
300 _a452 էջ :
_b[1] թ. դիմանկ., [4] թ. նկ. ;
_c21 սմ.
500 _aԹարգմ. ռուս. 2-րդ հրատ.
650 1 4 _aՀայրենական մեծ պատերազմ
_xՍտալինգրադի ճակատամարտ
_d1942-1943թթ.
700 1 _aՄարիկյան, Է.
_eթարգմ.
_4trl
700 1 _aԲաղդասարյան, Մ.
_eթարգմ.
_4trl
_9465
700 1 _aԱվետիսյան, Ի.Գ.
_eխմբ.
_4edt
090 _c103799
999 _c102480
_d102480